| 000 | 00615nam a22002177a 4500 | ||
|---|---|---|---|
| 005 | 20180117145340.0 | ||
| 008 | 180117b xxu||||| |||| 00| 0 eng d | ||
| 020 |
_a978935150733 _c₹ 375.00 |
||
| 040 | _aLoreto COllege | ||
| 041 | _aEnglish | ||
| 082 |
_a371.3 _bCHA |
||
| 100 | _aChakrabarty, Bidyut | ||
| 245 |
_aIndian administration _cBidyut Chakrabarty and Prakash Chand |
||
| 260 |
_aNew Delhi _bSage Publication _c2016 |
||
| 300 |
_a346 p. _b22cm. |
||
| 504 | _aIncludes index | ||
| 650 |
_aEducation _vAdministration-Managements |
||
| 700 |
_4Auth _aPrakash, Chand |
||
| 850 | _aLCBED | ||
| 942 | _cBK | ||
| 999 |
_c41403 _d91882 |
||